000 00358nam a2200145Ia 4500
008 120912t1998 xxu||||| |||| 00| 0 eng d
041 _aeng
080 _a8-31
_bWIC
245 2 _aA Killer's Target
260 _aVishva Lekha Publishers
_aRatmalana
_c1998
300 _b117p, 21 cm
942 _cBK
999 _c40077
_d40077
003 LK-CoDNM
040 _aLK-CoDNM
_dLK-CoDNM
_eLK-CoDNM